LEADER 03101nam 2200505 a 450 001 9910458202603321 005 20200520144314.0 010 $a1-61728-577-3 035 $a(CKB)2560000000015805 035 $a(OCoLC)665829546 035 $a(CaPaEBR)ebrary10680850 035 $a(SSID)ssj0000426903 035 $a(PQKBManifestationID)12139343 035 $a(PQKBTitleCode)TC0000426903 035 $a(PQKBWorkID)10404487 035 $a(PQKB)11709152 035 $a(MiAaPQ)EBC3020712 035 $a(Au-PeEL)EBL3020712 035 $a(CaPaEBR)ebr10680850 035 $a(EXLCZ)992560000000015805 100 $a20090629d2009 uy 0 101 0 $aeng 135 $aurcn||||||||| 181 $ctxt 182 $cc 183 $acr 200 00$aRegulating Internet gambling$b[electronic resource] /$fTodd E. Simmons, editor 210 $aNew York $cNova Science Publishers$dc2009 215 $a1 online resource (210 p.) 300 $aBibliographic Level Mode of Issuance: Monograph 311 $a1-60692-791-4 320 $aIncludes bibliographical references and index. 327 $aInternet gambling : an abridged overview of federal criminal law / Charles Doyle -- Can Internet gambling be effectively regulated to protect consumers and the payments system? / U.S. Government Printing Office -- Testimony of Wayne Abernathy on behalf of the American Bankers Association before the subcommittee on Domestic and International Monetary Policy, Committee on Financial Services, United States House of Representatives / American Bankers Association -- Statement of Leigh Williams on behalf of Bits and the Financial Services Roundtable before the United States Congress Subcommittee on Domestic and International and Monetary Policy / Leigh Williams -- Division of Reserve Bank Operations and Payment Systems, Board of Governors of the Federal Reserve System before the Subcommittee on Domestic and International Monetary Policy, Trade, and Technology of the Committee on Financial Services / U.S. House of Representatives -- Testimony of Ted Teruo Kitada before the Subcommittee on Domestic & International Monetary Policy, Trade, and Technology / Ted Teruo Kitada -- Statement of Harriet May, President & CEO, GECU of El Paso, TX, on behalf of the Credit Union National Association (CUNA) on the Unlawful Internet Gambling Enforcement Act before the House Subcommittee on Domestic and International Monetary Policy, Trade, and Technology / Harriet May -- Deputy Assistant Secretary Valerie Abend testimony on implementation of regulations required by the Unlawful Internet Gambling Enforcement Act of 2006 / U.S. Treasury Department Office of Public Affairs. 606 $aInternet gambling$xLaw and legislation$zUnited States 608 $aElectronic books. 615 0$aInternet gambling$xLaw and legislation 676 $a344.73/099 701 $aSimmons$b Todd E$0968866 801 0$bMiAaPQ 801 1$bMiAaPQ 801 2$bMiAaPQ 906 $aBOOK 912 $a9910458202603321 996 $aRegulating Internet gambling$92201033 997 $aUNINA LEADER 02927nam1 2200493 i 450 001 TO00336671 005 20251003044405.0 010 $a8815048413 020 $aIT$b95-9044 100 $a19961111d1995 ||||0itac50 ba 101 | $aita 102 $ait 181 1$6z01$ai $bxxxe 182 1$6z01$an 200 1 $aˆLa ‰ricostruzione industriale$esettimo rapporto sull'industria e la politica industriale italiana$fa cura del Centro Europa ricerche e dell'Istituto per la ricerca sociale 210 $aBologna$cIl mulino$d[1995] 215 $a236 p.$d21 cm 225 | $aStudi e ricerche$v348 300 $aIndicazione di A. su dorso: CER/IRS. 410 0$1001CFI0001423$12001 $aStudi e ricerche$v348 464 1$1001CSA0127947$12001 $aˆLa ‰congiuntura dell'industria e della politica industriale$fAlessandro Aronica, Enrico Flaccadoro, Piercarlo Padoan$1701 1$aPadoan$b, Pier Carlo$3CFIV003109$4070$1700 1$aAronica$b, Alessandro$3LO1V160907$4070$1701 1$aFlaccadoro$b, Enrico$3RMSV815519$4070 464 1$1001CSA0127948$12001 $aˆLa ‰vita italiana alle privatizzazioni$fPippo Ranci$1700 1$aRanci$b, Pippo$3CFIV004752$4070 464 1$1001CSA0127949$12001 $aˆIl ‰fisco e il rafforzamento della struttura finanziaria delle imprese$fAlessandro Aronica, Antonio Di Majo, Maria Grazia Pazienza$1701 1$aDi Majo$b, Antonio$3CFIV105067$4070$1700 1$aAronica$b, Alessandro$3LO1V160907$4070$1701 1$aPazienza$b, Maria Grazia$3PUVV330827$4070 606 $aItalia$xPolitica industriale$x1990-1994$2FIR$3CFIC078525$9I 676 $a338.0945$9PRODUZIONE. Italia$v21 676 $a338.480945$9INDUSTRIE SECONDARIE E SERVIZI. POLITICA GOVERNATIVA. ITALIA$v20 676 $a338.480945$9INDUSTRIE SECONDARIE E SERVIZI. POLITICHE PUBBLICHE. Italia$v23 676 $a338.945$9SVILUPPO ECONOMICO. ITALIA$v19 676 $a338.945$9SVILUPPO ECONOMICO. Italia$v21 710 02$aCER$c $3CFIV008552$4070$0118307 711 02$aIRS$3CFIV008553$4070$0374565 791 02$aCentro Europa ricerche$3CFIV172007$zCER 791 02$aCentro Europa ricerche$3CFIV172007$zCER 791 02$aIstituto per la ricerca sociale$3CFIV008567$zIRS 791 02$aIstituto per la ricerca sociale$3CFIV008567$zIRS 801 3$aIT$bIT-000000$c19961111 850 $aIT-BN0095 901 $bNAP 01$cPOZZO LIB.$nVi sono collocati fondi di economia, periodici di ingegneria e scienze, periodici di economia e statistica e altri fondi comprendenti documenti di economia pervenuti in dono. 912 $aTO00336671 950 1$aBiblioteca Centralizzata di Ateneo$c1 v.$d 01POZZO LIB.ECON MON 6821$e 0101 0700179905E VMA 1 v. (Precedente collocazione 17 EC 990)$fB $h20220722$i20220722 967 $n3 977 $a 01 996 $aRicostruzione industriale$9703587 997 $aUNISANNIO LEADER 02066oam 2200529zu 450 001 9911004724303321 005 20210803235306.0 010 $a1-4619-1820-0 010 $a1-61344-666-7 035 $a(CKB)3190000000024845 035 $a(SSID)ssj0000630766 035 $a(PQKBManifestationID)12273611 035 $a(PQKBTitleCode)TC0000630766 035 $a(PQKBWorkID)10748065 035 $a(PQKB)10349461 035 $a(EXLCZ)993190000000024845 100 $a20160829d2010 uy 101 0 $aeng 181 $ctxt 182 $cc 183 $acr 200 00$aASHRAE greenguide : the design, construction, and operation of sustainable buildings 210 31$a[Place of publication not identified]$cAmerican Society of Heating Refrigerating and Air Conditioning Engineers$d2010 300 $aBibliographic Level Mode of Issuance: Monograph 311 $a1-933742-85-2 330 $a"The third edition of the ASHRAE GreenGuide features information for anyone charged with designing a sustainable building on a variety of green-design issues that should be considered when tasked with this type of project"--$cProvided by publisher. 606 $aSustainable buildings$xDesign and construction 606 $aSustainable architecture$xEnvironmental engineering 606 $aBuildings 606 $aSustainable construction 606 $aCivil & Environmental Engineering$2HILCC 606 $aEngineering & Applied Sciences$2HILCC 606 $aCivil Engineering$2HILCC 615 0$aSustainable buildings$xDesign and construction. 615 0$aSustainable architecture$xEnvironmental engineering. 615 0$aBuildings. 615 0$aSustainable construction. 615 7$aCivil & Environmental Engineering 615 7$aEngineering & Applied Sciences 615 7$aCivil Engineering 676 $a720/.47 712 02$aAmerican Society of Heating, Refrigerating and Air Conditioning Engineers 801 0$bPQKB 906 $aBOOK 912 $a9911004724303321 996 $aASHRAE greenguide$94389260 997 $aUNINA